• 首页
  • 本馆介绍
  • 公告通知
  • 最新文献
  • 馆藏检索
  • 电子资源
  • 读者导购
  • 参考咨询
  • 我的图书馆
  • 登录
  • 详细信息显示
  • 放入我的书架
  • 预约/预借图书
  • 作者相关作品
  • 分类相关作品
  • 丛书相关作品
  • 出版社相关作品

书目信息

  • 表格格式
  • 工作单格式
  • 卡片格式
题名:
光通信技术与应用
    
 
作者: 高军诗 著
分册:  
出版信息: 北京   人民邮电出版社  2016.7
页数: 148页
开本: 24cm
丛书名:
单 册:
中图分类: TN929.1
科图分类:
主题词: 光通信--继续教育--教材
电子资源:
ISBN: 978-7-115-41810-4
000 01154nam0 2200265 450
001 0400001181
005 20171015091453.0
010    @a978-7-115-41810-4@dCNY56.00
100    @a20160826d2016 em y0chiy50 ea
101 0  @achi
102    @aCN@b110000
105    @aa z 000yy
106    @ar
200 1  @a光通信技术与应用@9guang tong xin ji shu yu ying yong@d= Technology and application of optical communication@f高军诗[等]著@zeng
210    @a北京@c人民邮电出版社@d2016.7
215    @a148页@c图@d24cm
300    @a全国信息通信专业咨询工程师继续教育培训系列教材
304    @a著者还有:沈艳涛、王云、魏贤虎、李昶、张中平等10人
330    @a本书旨在介绍光传送网中的主要通信技术及组网应用,内容涉及光纤光缆、WDM技术、SDH技术、PTN/IP RAN技术和PON技术,涵盖骨干传送网、城域传送网和有线接入网。针对各类技术特点,结合实际网络应用,分章节描述各类技术在组网中的系统构成及关键技术、组网及应用方案、未来发展趋势。
510 1  @aTechnology and application of optical communication@zeng
606 0  @a光通信@x继续教育@j教材
690    @aTN929.1@v5
701  0 @a高军诗@9gao jun shi@4著
801  0 @aCN@b91MARC@c20171015
905    @b1020295-9@dTN929.1@f5@e159
    
    光通信技术与应用= Technology and application of optical communication/高军诗[等]著.-北京:人民邮电出版社,2016.7
    148页:图;24cm
    全国信息通信专业咨询工程师继续教育培训系列教材
    
    ISBN 978-7-115-41810-4:CNY56.00
    本书旨在介绍光传送网中的主要通信技术及组网应用,内容涉及光纤光缆、WDM技术、SDH技术、PTN/IP RAN技术和PON技术,涵盖骨干传送网、城域传送网和有线接入网。针对各类技术特点,结合实际网络应用,分章节描述各类技术在组网中的系统构成及关键技术、组网及应用方案、未来发展趋势。
●
相关链接 在E读中查询图书 在五车中查询图书 在当当中查询图书 在豆瓣中查询图书


正题名:光通信技术与应用     索取号:TN929.1/159         预约/预借

序号 登录号 条形码 馆藏地/架位号 状态 备注
1 1020295   210202957   第二样本阅览室/ [索取号:TN929.1/159] 在馆    
2 1020296   210202966   密集书库-物理学院/ [索取号:TN929.1/159] 在馆    
3 1020297   210202975   第三借阅区/ [索取号:TN929.1/159] 在馆    
4 1020298   210202984   第三借阅区/ [索取号:TN929.1/159] 在馆    
5 1020299   210202993   第三借阅区/ [索取号:TN929.1/159] 已借出,限还日期为2022.10.03
借出人:吴晗  
 
唐山师范学院图书馆 欢迎您!
大连网信软件有限公司© 版权所有